[Event "94th YMCA Summer-B"]
[Site "Warszawa"]
[Date "2011.08.12"]
[Round "6"]
[White "Koziol, Pawel"]
[Black "Prus, Marek"]
[Result "1-0"]
[WhiteElo "1804"]
[BlackElo "1783"]
[PlyCount "21"]
[EventDate "2011.07.27"]
[EventType "tourn"]
[EventRounds "1"]
[EventCountry "POL"]
[SourceDate "2011.07.27"]

1. d4 Nf6 2. Bg5 Ne4 3. Bf4 g5 4. Be5 f6 5. Bg3 h5 6. Qd3 Nd6 7. Bxd6 exd6 8.
Qg6+ Ke7 9. Nc3 c6 10. Ne4 Ke6 11. Nxg5+ 1-0

[Event "94th YMCA Summer-B"]
[Site "Warszawa"]
[Date "2011.08.02"]
[Round "6"]
[White "Wrabel, Antoni"]
[Black "Sawicki, Wojciech"]
[Result "0-1"]
[WhiteElo "1739"]
[BlackElo "1740"]
[PlyCount "136"]
[EventDate "2011.07.27"]
[EventType "tourn"]
[EventRounds "1"]
[EventCountry "POL"]
[SourceDate "2011.07.27"]

1. e4 e5 2. Nf3 Nc6 3. Bb5 a6 4. Ba4 Nf6 5. Qe2 b5 6. Bb3 Be7 7. O-O O-O 8. c3
d5 9. exd5 Bg4 10. h3 Bxf3 11. Qxf3 e4 12. Qe2 Na5 13. Bc2 Qxd5 14. b4 Nc6 15.
d3 exd3 16. Bxd3 Bd6 17. Rd1 Rae8 18. Qf1 Qh5 19. Nd2 Qe5 20. Nf3 Qxc3 21. Bg5
Ne5 22. Nh4 Nxd3 23. Rxd3 Qe5 24. Nf3 Qf5 25. a3 h6 26. Bxf6 Qxf6 27. Rad1 Re7
28. Rd5 Rfe8 29. Qd3 Re4 30. g3 Bxg3 31. fxg3 Re3 32. Qf5 Rxf3 33. Qxf6 Rxf6
34. R1d3 Re1+ 35. Kg2 Re2+ 36. Kg1 Rff2 37. Rc5 Rc2 38. Rdc3 Rxc3 39. Rxc3 Ra2
40. Rxc7 Rxa3 41. Kf2 Rb3 42. Rc6 Rxb4 43. Rxa6 Rb3 44. Ra7 f6 45. h4 h5 46.
Rb7 Kh7 47. Rc7 Kg6 48. Rc5 Rb4 49. Kf3 Rb3+ 50. Kf4 b4 51. g4 hxg4 52. Kxg4
f5+ 53. Kf4 Rh3 54. Rc6+ Kh5 55. Kxf5 g6+ 56. Kf4 Rxh4+ 57. Kg3 Rg4+ 58. Kf3 g5
59. Rb6 Rf4+ 60. Kg3 Rc4 61. Rb5 Rc3+ 62. Kg2 Rc4 63. Kg3 Rc3+ 64. Kg2 b3 65.
Kh2 Kg4 66. Kg2 Rc2+ 67. Kg1 b2 68. Rb4+ Kh5 0-1

[Event "94th YMCA Summer-B"]
[Site "Warszawa"]
[Date "2011.08.12"]
[Round "7"]
[White "Bartczak, Hanna"]
[Black "Tomczyk, Ryszard"]
[Result "1-0"]
[WhiteElo "1661"]
[BlackElo "1467"]
[PlyCount "153"]
[EventDate "2011.07.27"]
[EventType "tourn"]
[EventRounds "1"]
[EventCountry "POL"]
[SourceDate "2011.07.27"]

1. g3 g6 2. Bg2 Bg7 3. d4 d5 4. Nf3 b6 5. c4 Bb7 6. Ne5 Nf6 7. Nc3 O-O 8. O-O
c6 9. e3 e6 10. b3 Nbd7 11. Ba3 Re8 12. Bd6 Bf8 13. Bxf8 Rxf8 14. Nd3 Qe7 15.
e4 dxe4 16. Nxe4 Nxe4 17. Bxe4 Rad8 18. Qf3 Qf6 19. Nb4 Qxf3 20. Bxf3 Rc8 21.
Nc2 Rfd8 22. b4 Rc7 23. a4 Nf6 24. a5 b5 25. c5 a6 26. Rad1 Rcd7 27. Rfe1 Nd5
28. h4 Kg7 29. Re5 Re8 30. Rde1 Rde7 31. Bxd5 cxd5 32. R5e2 f6 33. f4 h5 34.
Kf2 Bc6 35. Re3 Kf7 36. R1e2 Bd7 37. Ne1 Kf8 38. Nd3 Rf7 39. Kg2 Rfe7 40. Re1
Kf7 41. Rc1 Bc6 42. Kf2 Rg8 43. Rce1 Bd7 44. c6 Bxc6 45. Nc5 Rge8 46. Nxa6 e5
47. fxe5 fxe5 48. Rxe5 Kf6 49. Rxe7 Rxe7 50. Rxe7 Kxe7 51. Nc5 Kf6 52. Ke3 Kf5
53. a6 Kg4 54. Kf2 Kf5 55. Kf3 Kf6 56. Kf4 Ba8 57. a7 Ke7 58. Kg5 Kf7 59. Nd7
Ke7 60. Nb6 Bb7 61. a8=Q Bxa8 62. Nxa8 Kf7 63. Nb6 Kg7 64. Nxd5 Kf7 65. Nf4 Ke7
66. Kxg6 Kd6 67. Kxh5 Ke7 68. g4 Kf7 69. g5 Ke7 70. Kh6 Kf7 71. Kh7 Kf8 72. g6
Ke7 73. g7 Kf6 74. g8=Q Kf5 75. Qg5+ Ke4 76. Qe5+ Kf3 77. Kg6 1-0

[Event "94th YMCA Summer-B"]
[Site "Warszawa"]
[Date "2011.08.17"]
[Round "7"]
[White "Szewczyk, Mariusz"]
[Black "Koziol, Pawel"]
[Result "1/2-1/2"]
[WhiteElo "1804"]
[BlackElo "1804"]
[Annotator "M"]
[PlyCount "88"]
[EventDate "2011.07.27"]
[EventType "tourn"]
[EventRounds "1"]
[EventCountry "POL"]
[SourceDate "2011.07.27"]

1. e4 c5 2. Nf3 d6 3. d4 cxd4 4. Nxd4 Nf6 5. Nc3 g6 6. f3 Bg7 7. Be3 Nc6 8. Bc4
Bd7 9. Qd2 Rc8 10. Bb3 Ne5 11. Bh6 Bxh6 12. Qxh6 Qa5 13. O-O-O Rxc3 14. bxc3
Qxc3 15. Ne2 Qc5 16. Kb2 a5 17. a4 Nc4+ 18. Bxc4 Qxc4 19. Qe3 O-O 20. Rd4 Qc5
21. Qc3 Qg5 22. g4 Rc8 23. Rc4 Rxc4 24. Qxc4 Qe3 25. Qd3 Qxd3 26. cxd3 Bxa4 27.
Ra1 Bb5 28. Rxa5 Bxd3 29. Nf4 Ba6 30. g5 Nd7 31. Nd5 Kf8 32. Nc7 Nc5 33. Kc3 e6
34. Nxa6 bxa6 35. Kc4 e5 36. Kd5 Ke7 37. Ra3 Ne6 38. h4 Kd7 39. Kc4 Nc5 40. Ra1
Kc6 41. Rh1 Ne6 42. Ra1 Nc5 43. Rh1 Ne6 $11 44. Ra1 Nc5 1/2-1/2

[Event "94th YMCA Summer-B"]
[Site "Warszawa"]
[Date "2011.08.17"]
[Round "7"]
[White "Sokur, Iwan"]
[Black "Blank, Kamil"]
[Result "0-1"]
[WhiteElo "1485"]
[BlackElo "1674"]
[PlyCount "76"]
[EventDate "2011.07.27"]
[EventType "tourn"]
[EventRounds "1"]
[EventCountry "POL"]
[SourceDate "2011.07.27"]

1. e4 c5 2. c4 Nc6 3. Nc3 d6 4. d3 g6 5. f4 Bg7 6. Be3 Nf6 7. h3 O-O 8. Nf3 Nh5
9. g4 Ng3 10. Rg1 Nxf1 11. Rxf1 Nd4 12. Qd2 a6 13. Bxd4 cxd4 14. Ne2 e5 15. f5
b5 16. h4 bxc4 17. dxc4 Rb8 18. h5 Qb6 19. b3 Qb4 20. Qxb4 Rxb4 21. g5 gxf5 22.
exf5 Bxf5 23. h6 Bh8 24. Ng3 Bg6 25. Nh4 Rb7 26. Ngf5 Rd7 27. Nxg6 fxg6 28. Ng3
Rf4 29. Ne2 Rxf1+ 30. Kxf1 Rf7+ 31. Kg2 Rf5 32. b4 Rxg5+ 33. Kf2 e4 34. Rb1 d3
35. c5 dxe2 36. c6 Bd4+ 37. Kxe2 Bb6 38. b5 axb5 0-1

[Event "94th YMCA Summer-B"]
[Site "Warszawa"]
[Date "2011.08.11"]
[Round "8"]
[White "Tomczyk, Ryszard"]
[Black "Blank, Kamil"]
[Result "0-1"]
[WhiteElo "1467"]
[BlackElo "1674"]
[Annotator "Admin"]
[PlyCount "84"]
[EventDate "2011.07.27"]
[EventType "tourn"]
[EventRounds "1"]
[EventCountry "POL"]
[SourceDate "2011.07.27"]

1. e4 c5 2. Nf3 d6 3. Bc4 Nc6 4. a3 Nf6 5. Nc3 g6 6. d3 Bg7 7. h3 O-O 8. Be3 a6
9. Qd2 b5 10. Ba2 b4 11. axb4 Nxb4 12. Bb3 Rb8 13. O-O Bb7 14. Rfb1 Qc7 15. Bf4
c4 16. Ba4 Rfc8 17. Re1 cxd3 18. cxd3 Nd7 19. Rac1 Qd8 20. Rcd1 Nc5 21. Bc2
Nxc2 22. Qxc2 Ba8 23. Rb1 Nb3 24. Be3 Qa5 25. d4 $11 Qb4 26. Qd3 a5 27. Red1 a4
28. Nd2 Nxd2 29. Bxd2 Qxd4 30. Qc2 Qc4 31. f3 a3 32. Rdc1 Rb3 33. Be1 axb2 34.
Rxb2 Bxc3 35. Qxb3 Bd4+ 36. Kh2 Qxc1 37. Rb1 Qe3 38. Qa2 Qg1+ 39. Kg3 Be5+ 40.
f4 Qe3+ 41. Kh2 Qxf4+ 42. Kh1 Qh2# 0-1

[Event "94th YMCA Summer-B"]
[Site "Warszawa"]
[Date "2011.08.11"]
[Round "8"]
[White "Wojcikiewicz, Dariusz"]
[Black "Sokur, Iwan"]
[Result "1-0"]
[WhiteElo "1443"]
[BlackElo "1485"]
[PlyCount "71"]
[EventDate "2011.07.27"]
[EventType "tourn"]
[EventRounds "1"]
[EventCountry "POL"]
[SourceDate "2011.07.27"]

1. b3 e5 2. Bb2 Nc6 3. e3 d5 4. Bb5 Bd6 5. Nf3 Bg4 6. h3 Bxf3 7. Qxf3 Nf6 8.
Nc3 O-O 9. Nxd5 Nxd5 10. Qxd5 Nb4 11. Qe4 f5 12. Qc4+ Kh8 13. a3 c6 14. axb4
cxb5 15. Qxb5 Qc7 16. Bc3 b6 17. Qd5 Rad8 18. Qf3 Rf6 19. Ra2 Rg6 20. g3 Rf8
21. Qe2 Qc6 22. Rf1 f4 23. gxf4 exf4 24. b5 Qd7 25. Qh5 Rf5 26. Rxa7 Qc8 27.
Qf3 fxe3 28. Qb7 Qxb7 29. Rxb7 exf2+ 30. Rxf2 Rxf2 31. Kxf2 h6 32. Bd4 Bh2 33.
Ke2 Rg2+ 34. Kd3 Rg3+ 35. Kc4 Rxh3 36. Rxg7 1-0

[Event "94th YMCA Summer-B"]
[Site "Warszawa"]
[Date "2011.08.19"]
[Round "8"]
[White "Wrabel, Antoni"]
[Black "Szewczyk, Mariusz"]
[Result "0-1"]
[WhiteElo "1739"]
[BlackElo "1804"]
[Annotator "M"]
[PlyCount "120"]
[EventDate "2011.07.27"]
[EventType "tourn"]
[EventRounds "1"]
[EventCountry "POL"]
[SourceDate "2011.07.27"]

1. e4 c5 2. Nf3 Nc6 3. d4 cxd4 4. Nxd4 e6 5. Be3 d5 6. exd5 exd5 7. a3 Nf6 8.
Be2 Bd6 9. Nc3 a6 10. O-O O-O 11. Bf3 h6 12. h3 Bc7 13. Nde2 Be6 14. Bf4 Ne5
15. Nd4 Nc4 16. Bxc7 Qxc7 17. Qc1 Rac8 18. Nce2 Rfe8 19. b3 Ne5 20. Qf4 Nxf3+
21. Qxf3 $11 Ne4 22. Rfd1 Nc3 23. Nf4 Nxd1 24. Rxd1 b5 25. Rd3 Qd6 26. b4 Rc4
27. c3 Bf5 28. Re3 Rxe3 29. Qxe3 Be6 30. Nfe2 Rc7 31. Nb3 Re7 32. Qd2 Qe5 33.
Ng3 Bc8 34. Kf1 Re6 35. Nd4 Rf6 36. Nf3 Qf4 37. Qxf4 Rxf4 38. Ne5 Rf6 39. Ne2
Bf5 40. Nd4 Bh7 41. Ke2 Rd6 42. f3 h5 43. h4 f6 44. Nd3 Bxd3+ 45. Kxd3 Kf7 46.
Nf5 Re6 47. Kd4 Re2 48. g3 g6 49. Kd3 Rg2 50. Ne3 Rxg3 51. Nxd5 Rxf3+ 52. Kd4
g5 53. hxg5 fxg5 54. Nc7 Rf6 55. Nd5 Rd6 56. c4 bxc4 57. Kxc4 h4 58. Ne3 Re6
59. Kd4 Rxe3 60. Kxe3 Ke6 0-1

[Event "94th YMCA Summer-B"]
[Site "Warszawa"]
[Date "2011.08.18"]
[Round "8"]
[White "Bartczak, Hanna"]
[Black "Sawicki, Wojciech"]
[Result "0-1"]
[WhiteElo "1661"]
[BlackElo "1740"]
[PlyCount "64"]
[EventDate "2011.07.27"]
[EventType "tourn"]
[EventRounds "1"]
[EventCountry "POL"]
[SourceDate "2011.07.27"]

1. d4 Nf6 2. c4 g6 3. Nc3 Bg7 4. e4 d6 5. Nf3 O-O 6. Be2 e5 7. dxe5 dxe5 8.
Qxd8 Rxd8 9. Nb5 Na6 10. Nxe5 Nxe4 11. Bf4 g5 12. Nxf7 Kxf7 13. Nxc7 Nxc7 14.
Bxc7 Rd7 15. Ba5 Bxb2 16. Rb1 Bc3+ 17. Bxc3 Nxc3 18. Bh5+ Kg7 19. Rb3 Re7+ 20.
Kf1 Nxa2 21. h4 Be6 22. Be2 Nc1 23. Rg3 Nxe2 24. Rxg5+ Kh8 25. Kxe2 Bxc4+ 26.
Kf3 Rf8+ 27. Kg3 Rg8 28. f4 h6 29. Rxg8+ Kxg8 30. Kg4 Rg7+ 31. Kh3 Bd5 32. Rg1
Bxg2+ 0-1

[Event "94th YMCA Summer-B"]
[Site "Warszawa"]
[Date "2011.08.17"]
[Round "9"]
[White "Sawicki, Wojciech"]
[Black "Tomczyk, Ryszard"]
[Result "0-1"]
[WhiteElo "1740"]
[BlackElo "1467"]
[Annotator "M"]
[PlyCount "103"]
[EventDate "2011.07.27"]
[EventType "tourn"]
[EventRounds "1"]
[EventCountry "POL"]
[SourceDate "2011.07.27"]

1. e4 c5 2. d4 cxd4 3. c3 dxc3 4. Nxc3 g6 5. Qd4 Nf6 6. e5 Nc6 7. Qf4 Nh5 8.
Qe4 Qa5 9. Nf3 e6 10. a3 f5 11. exf6 Nxf6 12. Qh4 Nd5 13. Bd2 Bg7 14. Rc1 Nde7
15. Nb5 Qd8 16. Nd6+ Kf8 17. Qf4+ Nf5 18. Ng5 e5 19. Qf3 Ncd4 20. Qd5 Nxd6 21.
Qxd6+ Qe7 22. Qd5 h6 23. Bb4 hxg5 24. Bxe7+ Kxe7 25. Bc4 Rf8 26. O-O d6 27. Bd3
Rf6 28. Rxc8 Rxc8 29. Qxb7+ Kd8 30. Qxg7 Re6 31. Bxg6 Rc7 32. Qg8+ Kd7 33. Be8+
Rxe8 34. Qxg5 Rc2 35. b4 Ne2+ 36. Kh1 Rec8 37. h4 R2c3 38. Qg4+ Ke7 39. Qxe2
Rxa3 40. f4 Rh8 41. fxe5 Rxh4+ 42. Kg1 Rxb4 43. exd6+ Kxd6 44. Rf6+ Kc5 45.
Qe5+ Kc4 46. Rf4+ Kb3 47. Qd5+ Ka4 48. Qc6+ Kb3 49. Rf3+ Ka2 50. Rxa3+ Kxa3 51.
Qa6+ Ra4 52. Qd6+ $138 0-1

[Event "94th YMCA Summer-B"]
[Site "Warszawa"]
[Date "2011.08.24"]
[Round "9"]
[White "Prus, Marek"]
[Black "Bartczak, Hanna"]
[Result "1/2-1/2"]
[WhiteElo "1783"]
[BlackElo "1661"]
[Annotator "M"]
[PlyCount "113"]
[EventDate "2011.07.27"]
[EventType "tourn"]
[EventRounds "1"]
[EventCountry "POL"]
[SourceDate "2011.07.27"]

1. Nc3 Nf6 2. e4 d6 3. d4 c6 4. Nf3 Qa5 5. Bd3 e5 6. dxe5 dxe5 7. O-O Bg4 8.
Ne2 Bxf3 9. gxf3 Nbd7 10. c3 O-O-O 11. b4 Qc7 12. Be3 Nb6 13. Qc2 c5 14. Qb1 c4
15. Bc2 Nh5 16. a4 Kb8 17. Qa2 Nc8 18. a5 Bd6 19. Ba4 Nf4 20. Bb5 Qe7 21. Bxf4
exf4 22. Bxc4 Qg5+ 23. Kh1 Qh5 24. Ng1 f6 25. a6 b5 26. Qa5 Nb6 27. Qxb5 Qxb5
28. Bxb5 Be5 29. Rac1 Rd2 30. c4 Rb2 31. Rb1 Rxb1 32. Rxb1 Rd8 33. c5 Nc8 34.
Ne2 Rd2 35. Rb3 g5 36. Kg2 Rb2 37. Bc4 Ne7 38. b5 Ng6 39. Rxb2 Nh4+ 40. Kf1
Bxb2 41. Ng1 Bd4 42. c6 Kc7 43. Be2 Ng6 44. Nh3 Ne5 45. Ke1 Bb6 46. Bd1 Kd6 47.
Be2 Kc5 48. Ng1 Nc4 49. Bd3 Kxb5 50. e5 fxe5 51. h4 h6 52. hxg5 hxg5 53. Nh3
Kc5 54. Nxg5 Ba5+ 55. Ke2 Nd6 $11 56. Ne4+ Kxc6 57. Nxd6 $11 1/2-1/2

[Event "94th YMCA Summer-B"]
[Site "Warszawa"]
[Date "2011.08.10"]
[Round "9"]
[White "Sokur, Iwan"]
[Black "Koziol, Pawel"]
[Result "0-1"]
[WhiteElo "1485"]
[BlackElo "1804"]
[PlyCount "118"]
[EventDate "2011.07.27"]
[EventType "tourn"]
[EventRounds "1"]
[EventCountry "POL"]
[SourceDate "2011.07.27"]

1. e4 c5 2. c4 Nc6 3. Nc3 g6 4. Nf3 Bg7 5. d3 d6 6. Be3 Nf6 7. h3 a6 8. Be2 Rb8
9. a4 O-O 10. O-O Bd7 11. Rb1 Ne8 12. Qd2 Nc7 13. Bh6 Ne6 14. Bxg7 Kxg7 15. b3
Ned4 16. Nxd4 Nxd4 17. f4 e6 18. Bf3 Bc6 19. Qb2 e5 20. fxe5 dxe5 21. Ne2 Nxe2+
22. Bxe2 Qe7 23. Rf2 Rbd8 24. Rbf1 f6 25. Qc2 Rf7 26. Bg4 Qd6 27. Be2 Rdf8 28.
Qc3 Bd7 29. Qa5 Qc6 30. Bg4 Bxg4 31. hxg4 h6 32. Rf3 Rd7 33. b4 cxb4 34. Qxb4
Qe6 35. Rg3 Rfd8 36. Rd1 Kf7 37. Qd2 Qb6+ 38. Kh2 Kg7 39. Rh3 Rh8 40. a5 Qd4
41. Rb1 g5 42. Rf3 h5 43. gxh5 Rxh5+ 44. Kg3 Rf7 45. Rf5 Kg6 46. Kf3 g4+ 47.
Kxg4 Rxf5 48. Rh1 Rg5+ 49. Kf3 Qd7 50. Kf2 Qg4 51. Kg1 Qf4 52. Qxf4 exf4 53. d4
Rxa5 54. Kf2 Ra4 55. Rc1 Rc7 56. Ke2 Raxc4 57. Rxc4 Rxc4 58. Kf3 b5 59. d5 Kf7
0-1

[Event "94th YMCA Summer-B"]
[Site "Warszawa"]
[Date "2011.08.24"]
[Round "9"]
[White "Blank, Kamil"]
[Black "Wojcikiewicz, Dariusz"]
[Result "1-0"]
[WhiteElo "1674"]
[BlackElo "1443"]
[PlyCount "45"]
[EventDate "2011.07.27"]
[EventType "tourn"]
[EventRounds "1"]
[EventCountry "POL"]
[SourceDate "2011.07.27"]

1. e4 b6 2. d4 Bb7 3. Nc3 e6 4. f4 Bb4 5. Bd3 Nf6 6. Qe2 Bxc3+ 7. bxc3 d6 8.
Nf3 Nbd7 9. O-O c5 10. Bd2 Qc7 11. e5 Nd5 12. f5 O-O-O 13. Ng5 Nf8 14. fxe6
Nxe6 15. Rxf7 Qc6 16. Nxe6 Rd7 17. Raf1 Rxf7 18. Rxf7 dxe5 19. Bf5 Kb8 20.
Qxe5+ Ka8 21. Be4 Re8 22. Rxb7 Rxe6 23. Qb8# 1-0

[Event "94th YMCA Summer-B"]
[Site "Warszawa"]
[Date "2011.08.23"]
[Round "10"]
[White "Koziol, Pawel"]
[Black "Blank, Kamil"]
[Result "1-0"]
[WhiteElo "1804"]
[BlackElo "1674"]
[PlyCount "95"]
[EventDate "2011.07.27"]
[EventType "tourn"]
[EventRounds "1"]
[EventCountry "POL"]
[SourceDate "2011.07.27"]

1. e4 c5 2. Nf3 d6 3. d4 cxd4 4. Nxd4 Nf6 5. Nc3 g6 6. Be3 Bg7 7. f3 O-O 8. Qd2
Nc6 9. O-O-O Nxd4 10. Bxd4 Be6 11. Kb1 Qc7 12. g4 Rfc8 13. h4 Bc4 14. Bxc4 Qxc4
15. Bxf6 Bxf6 16. Nd5 Rc5 17. Nxf6+ exf6 18. Qd3 Rac8 19. Qxc4 Rxc4 20. c3 Rd8
21. Rd5 Rc5 22. Rhd1 Rxd5 23. Rxd5 Kf8 24. Kc2 Ke7 25. Kd3 Rc8 26. Ra5 a6 27.
Kd4 Ke6 28. c4 Kd7 29. b3 Re8 30. f4 h6 31. Rd5 b6 32. b4 Kc6 33. a4 Rg8 34. a5
Rb8 35. b5+ axb5 36. cxb5+ Kc7 37. a6 Rc8 38. e5 dxe5+ 39. fxe5 f5 40. gxf5
gxf5 41. Rd6 h5 42. Rc6+ Kd7 43. Rxc8 Kxc8 44. Ke3 Kb8 45. Kf4 f6 46. exf6 Ka8
47. f7 Ka7 48. Kxf5 1-0

[Event "94th YMCA Summer-B"]
[Site "Warszawa"]
[Date "2011.08.26"]
[Round "10"]
[White "Wrabel, Antoni"]
[Black "Sokur, Iwan"]
[Result "1/2-1/2"]
[WhiteElo "1739"]
[BlackElo "1485"]
[Annotator "M"]
[PlyCount "128"]
[EventDate "2011.07.27"]
[EventType "tourn"]
[EventRounds "1"]
[EventCountry "POL"]
[SourceDate "2011.07.27"]

1. e4 e6 2. d4 d5 3. exd5 exd5 4. Bd3 Nf6 5. Nf3 Bd6 6. O-O Nc6 7. Re1+ Be6 8.
c3 h6 9. Nbd2 O-O 10. Nf1 Bg4 11. Ng3 Bxg3 12. hxg3 Qd7 13. Qc2 Bxf3 14. gxf3
Ne7 15. Bd2 Rfe8 16. Re2 Kf8 17. Rae1 c6 18. Kg2 b5 19. a4 a6 20. g4 Qd6 21. a5
Neg8 22. Qc1 g5 23. b3 Rxe2 24. Rxe2 Re8 $11 25. Re3 Ne7 $11 26. Qa1 Ng6 27.
Bxg6 fxg6 28. Bc1 Kf7 29. Ba3 Qd7 30. Qe1 Rxe3 31. Qxe3 Qe6 32. Qd2 Nh7 33. Qd3
h5 34. gxh5 Qf5 35. hxg6+ Kxg6 36. Qe3 Kh5 37. Qe8+ Kh4 38. Qb8 Qh3+ 39. Kg1
Qxf3 40. Qh2+ Qh3 41. Be7 Qxh2+ 42. Kxh2 Kg4 43. Kg2 Kf4 44. f3 g4 45. fxg4
Kxg4 46. Kf2 Kf4 47. Ke2 Ke4 48. Kd2 Kf3 $11 49. Kd3 Kf2 50. c4 Kf3 51. cxb5
cxb5 52. Kc3 Ke3 53. Bh4 $11 Nf8 54. Bf6 Ne6 55. Be5 Ke4 56. Bf6 Kf5 57. Be5
$11 Nd8 58. Kd3 Nc6 59. Bc7 Ke6 60. Kc3 Kd7 61. Bb6 $11 b4+ 62. Kd3 Kc8 63. Ke3
Kb7 64. Kf4 Kc8 $11 1/2-1/2

[Event "94th YMCA Summer-B"]
[Site "Warszawa"]
[Date "2011.08.26"]
[Round "10"]
[White "Bartczak, Hanna"]
[Black "Szewczyk, Mariusz"]
[Result "0-1"]
[WhiteElo "1661"]
[BlackElo "1804"]
[PlyCount "84"]
[EventDate "2011.07.27"]
[EventType "tourn"]
[EventRounds "1"]
[EventCountry "POL"]
[SourceDate "2011.07.27"]

1. Nf3 Nf6 2. c4 g6 3. g3 Bg7 4. Bg2 d6 5. d4 O-O 6. O-O c5 7. e3 Qc7 8. d5 e6
9. Nc3 a6 10. e4 exd5 11. exd5 Nbd7 12. Re1 Nb6 13. Qb3 Bf5 14. Na4 Nxa4 15.
Qxa4 Rfe8 16. Bd2 Ne4 17. Bc3 b5 18. Qb3 Nxc3 19. bxc3 b4 20. Rxe8+ Rxe8 21.
Qa4 Ra8 22. Re1 Bxc3 23. Re8+ Rxe8 24. Qxe8+ Kg7 25. Ng5 Bd3 26. Bh3 Bf6 27.
Ne4 Qe7 28. Qxe7 Bxe7 29. Nd2 Bf6 30. Bg2 Kf8 31. Be4 Bxe4 32. Nxe4 Ke7 33. f4
a5 34. Kf1 a4 35. Ke2 b3 36. a3 Bb2 37. Kd1 f5 38. Nd2 Bxa3 39. h3 Bb2 40. g4
fxg4 41. hxg4 a3 42. Nxb3 a2 0-1

[Event "94th YMCA Summer-B"]
[Site "Warszawa"]
[Date "2011.08.30"]
[Round "10"]
[White "Sawicki, Wojciech"]
[Black "Prus, Marek"]
[Result "0-1"]
[WhiteElo "1740"]
[BlackElo "1783"]
[PlyCount "110"]
[EventDate "2011.07.27"]
[EventType "tourn"]
[EventRounds "1"]
[EventCountry "POL"]
[SourceDate "2011.07.27"]

1. e4 e5 2. Nf3 Nc6 3. Bb5 Nge7 4. O-O g6 5. c3 Bg7 6. d4 exd4 7. cxd4 d5 8.
exd5 Nxd5 9. Bg5 Qd6 10. Re1+ Be6 11. Nbd2 O-O 12. Ne4 Qb4 13. Bxc6 bxc6 14.
Qc1 Rab8 15. b3 Qb5 16. Nc5 Bf5 17. Bh6 Rfe8 18. Bxg7 Kxg7 19. Qd2 a5 20. Ne5
Rbd8 21. a3 Nf6 22. Rac1 Rd5 23. Qc3 Red8 24. a4 Qb6 25. Nc4 Qb4 26. Nxa5 Qxc3
27. Rxc3 Rxd4 28. Nxc6 Rd1 29. Rc1 Rxe1+ 30. Rxe1 Rd6 31. Nb4 Rb6 32. Na2 Nd5
33. h3 h5 34. Nc1 Nb4 35. Rd1 Rc6 36. Nb7 Rc3 37. Na5 Be6 38. Ne2 Rc5 39. Nb7
Re5 40. Nd4 Bd5 41. f4 Re3 42. Na5 Rg3 43. Rd2 Nd3 44. Ne2 Rxg2+ 45. Kf1 Rf2+
46. Kg1 Rf3 47. Kh2 h4 48. Ng1 Rg3 49. Nc4 Nxf4 50. Na5 Be6 51. Nc6 Nxh3 52.
Nd4 Nxg1 53. Nxe6+ fxe6 54. Rd7+ Kf6 55. Rxc7 Nf3+ 0-1

[Event "94th YMCA Summer-B"]
[Site "Warszawa"]
[Date "2011.08.09"]
[Round "11"]
[White "Prus, Marek"]
[Black "Tomczyk, Ryszard"]
[Result "1-0"]
[WhiteElo "1783"]
[BlackElo "1467"]
[PlyCount "47"]
[EventDate "2011.07.27"]
[EventType "tourn"]
[EventRounds "1"]
[EventCountry "POL"]
[SourceDate "2011.07.27"]

1. e4 c5 2. Nf3 Nc6 3. d4 cxd4 4. Nxd4 Nf6 5. Nc3 a6 6. Nxc6 bxc6 7. e5 Ng8 8.
Bc4 Bb7 9. O-O g6 10. Ne4 Qc7 11. Re1 e6 12. Bg5 h6 13. Bf6 Nxf6 14. Nxf6+ Ke7
15. Qf3 Bg7 16. Rad1 Rad8 17. Qc3 d6 18. f4 g5 19. Ng4 h5 20. exd6+ Qxd6 21.
Qxg7 Qc5+ 22. Kh1 hxg4 23. Bxe6 Rhf8 24. Bxf7+ 1-0

[Event "94th YMCA Summer-B"]
[Site "Warszawa"]
[Date "2011.08.31"]
[Round "11"]
[White "Szewczyk, Mariusz"]
[Black "Sawicki, Wojciech"]
[Result "1-0"]
[WhiteElo "1804"]
[BlackElo "1740"]
[PlyCount "81"]
[EventDate "2011.07.27"]
[EventType "tourn"]
[EventRounds "1"]
[EventCountry "POL"]
[SourceDate "2011.07.27"]

1. e4 e5 2. Nf3 Nc6 3. Bc4 Nf6 4. d3 Be7 5. Nc3 d6 6. h3 Na5 7. Bb3 Nxb3 8.
axb3 c6 9. Be3 O-O 10. Na4 Be6 11. c4 Qc7 12. O-O d5 13. cxd5 cxd5 14. Rc1 Qb8
15. Bc5 Re8 16. Re1 d4 17. Bxe7 Rxe7 18. Nc5 Bc8 19. b4 b6 20. Na4 Bd7 21. b3
Qd6 22. Qd2 Ree8 23. Nh4 Rec8 24. Nf5 Bxf5 25. exf5 Nd5 26. Nb2 b5 27. Rc5 a6
28. Rec1 Nc3 29. Nd1 Rxc5 30. bxc5 Qxc5 31. Nxc3 dxc3 32. Rxc3 Qd6 33. Qc2 h6
34. Rc6 Qd7 35. f6 g6 36. Qc5 Rd8 37. Rxa6 Qxd3 38. Qe7 e4 39. Re6 Rf8 40. Rd6
Qc3 41. Qxf8+ 1-0

[Event "94th YMCA Summer-B"]
[Site "Warszawa"]
[Date "2011.08.31"]
[Round "11"]
[White "Blank, Kamil"]
[Black "Wrabel, Antoni"]
[Result "0-1"]
[WhiteElo "1674"]
[BlackElo "1739"]
[PlyCount "112"]
[EventDate "2011.07.27"]
[EventType "tourn"]
[EventRounds "1"]
[EventCountry "POL"]
[SourceDate "2011.07.27"]

1. e4 e5 2. Bc4 Nf6 3. d3 Bc5 4. Nc3 c6 5. Nf3 d6 6. h3 O-O 7. O-O a5 8. a3 Be6
9. Kh1 Qe7 10. Bxe6 fxe6 11. Nh2 Nbd7 12. f4 exf4 13. Bxf4 e5 14. Bd2 Qe6 15.
Qe2 g6 16. Rf3 Bd4 17. Raf1 b5 18. Nd1 Bb6 19. Ne3 Bxe3 20. Bxe3 Nh5 21. Rxf8+
Rxf8 22. Rxf8+ Nxf8 23. Nf1 Qf7 24. Qf3 Ne6 25. Qxf7+ Kxf7 26. Kg1 Nhf4 27.
Bxf4 Nxf4 28. Kf2 Ke6 29. Ng3 a4 30. Ne2 Nh5 31. Nc3 Nf6 32. Kf3 h5 33. Na2 d5
34. Nb4 Kd6 35. Na2 dxe4+ 36. dxe4 Nd7 37. Nb4 Nb6 38. Nd3 Nc4 39. g4 c5 40.
gxh5 gxh5 41. Kg3 Nd2 42. Nf2 b4 43. axb4 cxb4 44. Nd3 a3 45. bxa3 bxa3 46. Nc1
Nxe4+ 47. Kh4 Nf6 48. Kg5 Ke6 49. c4 e4 50. c5 Nd5 51. Kxh5 e3 52. Kg4 a2 53.
Nxa2 e2 54. c6 e1=Q 55. c7 Nxc7 56. h4 Qe2+ 0-1

[Event "94th YMCA Summer-B"]
[Site "Warszawa"]
[Date "2011.08.26"]
[Round "11"]
[White "Wojcikiewicz, Dariusz"]
[Black "Koziol, Pawel"]
[Result "0-1"]
[WhiteElo "1443"]
[BlackElo "1804"]
[PlyCount "136"]
[EventDate "2011.07.27"]
[EventType "tourn"]
[EventRounds "1"]
[EventCountry "POL"]
[SourceDate "2011.07.27"]

1. b3 d5 2. Bb2 Nf6 3. e3 g6 4. Nf3 Bg7 5. c4 c6 6. cxd5 cxd5 7. Qc2 O-O 8. Nc3
Nc6 9. a3 Re8 10. Bb5 Bd7 11. O-O e5 12. Bxc6 Bxc6 13. a4 Rc8 14. d4 e4 15. Ne5
Rxe5 16. dxe5 Ng4 17. Rac1 Qh4 18. h3 Nxe5 19. Nxd5 Re8 20. Bxe5 Rxe5 21. Nf4
g5 22. Ne2 g4 23. Nf4 Rg5 24. g3 gxh3 25. Kh2 Qg4 26. Qe2 Qf5 27. Nxh3 Rh5 28.
g4 Be5+ 29. Kg2 Qf3+ 30. Qxf3 exf3+ 31. Kg1 Rxh3 32. Rfd1 Rh6 33. Rc4 Kg7 34.
Rd2 a5 35. Ra2 Rd6 36. Rc1 Bd7 37. Rac2 Bxg4 38. Rc5 Re6 39. Rxa5 Bh3 40. Rxe5
Rxe5 41. Kh2 Bd7 42. Kg3 Bc6 43. Kf4 Kf6 44. Rd1 Re4+ 45. Kg3 h5 46. Rh1 Kg5
47. Rc1 Rg4+ 48. Kh3 Rb4 49. Rc3 Kf5 50. a5 Bd5 51. Rc5 Ke6 52. Kg3 Kd6 53. Rc1
h4+ 54. Kh3 Be6+ 55. Kh2 Rxb3 56. Rg1 Rb2 57. Rf1 Ra2 58. Rd1+ Ke5 59. Kg1 Rxa5
60. Rb1 b5 61. Rb4 Bc4 62. Rb2 Ra2 63. Rb1 Ra3 64. Rd1 Rd3 65. Ra1 Rd2 66. Ra7
Ke4 67. Rxf7 Bxf7 68. Kf1 Rd1# 0-1